[Event "LTU-ch sf"]
[Site "Vilnius"]
[Date "2022.04.11"]
[Round "7"]
[White "Kalinauskas, Vytautas"]
[Black "Pavlovic, Vladimir"]
[Result "0-1"]
[WhiteElo "1893"]
[BlackElo "2202"]
[PlyCount "68"]
[EventDate "2022.04.08"]
[EventType "swiss"]
[EventRounds "9"]
[EventCountry "LTU"]
[SourceTitle "CBM 207 Extra"]
[Source "ChessBase"]
[SourceDate "2022.05.31"]
[SourceVersion "1"]
[SourceVersionDate "2022.05.31"]
[SourceQuality "1"]

1. e4 e5 2. Nf3 Nf6 3. Nc3 Bb4 4. Nxe5 0-0 5. Be2 Re8 6. Nf3 Bxc3 7. dxc3 Nxe4 8. 0-0 Nc6 9. Be3 d6 10. Qd5 Nf6 11. Qd3 Bg4 12. Bg5 h6 13. Bh4 g5 14. Bg3 Qd7 15. Rfe1 Bf5 16. Qd1 Re7 17. Bd3 Rxe1+ 18. Nxe1 Re8 19. Qf3 Ne4 20. Bxe4 Bxe4 21. Qh5 Kg7 22. h4 Qf5 23. Nd3 Re6 24. Qd1 gxh4 25. Bxh4 Rg6 26. Bg3 h5 27. Nf4 Rg4 28. Ne2 h4 29. Nd4 Nxd4 30. Qxd4+ f6 31. Re1 hxg3 32. f3 Bxf3 33. Re7+ Kf8 34. Qe3 Re4 0-1